Informe de los cursos subregionales para ejecutivos de extensión rural /

Guardado en:
Autor Corporativo: Organización de las Naciones Unidas para la Agricultura y la Alimentación. Oficina Regional para América Latina y el Caribe.
Formato: Libro
Idioma:Spanish
Publicado: Santiago de Chile : Oficina Regional de la FAO para América Latina y el Caribe, 1988.
Etiquetas: Agregar Etiqueta
Sin Etiquetas, Sea el primero en etiquetar este registro!
LEADER 00831nam a22001455a 4500
001 EEA.libagro004367
005 20181127130427.0
008 130809s1988####cl############000#0#spa#d
082 0 4 |a 630.7152 
245 1 0 |a Informe de los cursos subregionales para ejecutivos de extensión rural /  |c FAO. Oficina Regional para América Latina y el Caribe. 
260 |a Santiago de Chile :  |b Oficina Regional de la FAO para América Latina y el Caribe,  |c 1988. 
300 |a 42 p. ;  |c 28 cm. 
500 |a Reuniones: Santiago de Chile, 9 al 13 de noviembre de 1987. San José de Costa Rica, 23 al 27 de noviembre de 1987. Caracas, 7 al 11 de diciembre de 1987. 
710 2 |a Organización de las Naciones Unidas para la Agricultura y la Alimentación.  |b Oficina Regional para América Latina y el Caribe. 
859 |a AR-BbBCA  |b BIB. AGRONOMIA  |h 630.7152  |i F218  |p 1990/1610